| Tag |
First Indicator |
Second Indicator |
Subfields |
| LEADER |
00000cam a2200000 i 4500 |
| 001 |
in00005696161 |
| 005 |
20260318163331.1 |
| 006 |
m o d |
| 007 |
cr ||||||||||| |
| 008 |
210616s2021 nyu fob 001 0 eng d |
| 040 |
|
|
|a STBDS
|b eng
|e rda
|e pn
|c STBDS
|d OCLCO
|d K6U
|d OCLCF
|d OCLCO
|d OCLCQ
|d OCLCO
|d OCLCL
|d OCLCQ
|d OCLCL
|d YDX
|d BRX
|
| 019 |
|
|
|a 1243262293
|a 1269099478
|a 1269452339
|
| 020 |
|
|
|a 9780197565384
|q (ebook)
|
| 020 |
|
|
|a 0197565387
|
| 020 |
|
|
|z 0197565352
|
| 020 |
|
|
|z 9780197565353
|
| 035 |
|
|
|a (OCoLC)1269095964
|z (OCoLC)1243262293
|z (OCoLC)1269099478
|z (OCoLC)1269452339
|
| 050 |
|
4 |
|a BR520
|b .S834 2021
|
| 082 |
0 |
4 |
|a 277.307
|2 23
|
| 049 |
|
|
|a TXAM
|
| 100 |
1 |
|
|a Steward, Gary L.,
|e author.
|
| 245 |
1 |
0 |
|a Justifying revolution :
|b the early American clergy and political resistance /
|c Gary L. Steward.
|
| 264 |
|
1 |
|a New York, NY :
|b Oxford University Press,
|c 2021.
|
| 300 |
|
|
|a 1 online resource (232 pages)
|
| 336 |
|
|
|a text
|b txt
|2 rdacontent
|
| 337 |
|
|
|a computer
|b c
|2 rdamedia
|
| 338 |
|
|
|a online resource
|b cr
|2 rdacarrier
|
| 500 |
|
|
|a Also issued in print: 2021.
|
| 504 |
|
|
|a Includes bibliographical references and index.
|
| 520 |
8 |
|
|a Historians have debated how the clergy's support for political resistance during the American Revolution should be understood, often looking to influence outside of the clergy's tradition. Gary L. Steward explores the theological background and rich Protestant history available to the American clergy as they considered political resistance and wrestled with the best course of action for them and their congregations. He argues that rather than deviating from their inherited modes of thought, the clergy who supported resistance did so in ways that were consistent with their own theological tradition.
|
| 521 |
|
|
|a Specialized.
|
| 588 |
|
|
|a Description based on online resource; title from home page (viewed on August 30, 2021).
|
| 651 |
|
0 |
|a United States
|x Church history
|y 18th century.
|
| 650 |
|
0 |
|a Government, Resistance to
|x Religious aspects
|x Christianity.
|
| 650 |
|
0 |
|a Government, Resistance to
|z United States
|x History.
|
| 651 |
|
0 |
|a United States
|x History
|y Revolution, 1775-1783
|x Religious aspects
|x Christianity.
|
| 651 |
|
6 |
|a États-Unis
|x Histoire religieuse
|y 18e siècle.
|
| 650 |
|
6 |
|a Résistance au gouvernement
|z États-Unis
|x Histoire.
|
| 651 |
|
6 |
|a États-Unis
|x Histoire
|y 1775-1783 (Révolution)
|x Aspect religieux
|x Christianisme.
|
| 650 |
|
7 |
|a Government, Resistance to
|2 fast
|
| 650 |
|
7 |
|a Government, Resistance to
|x Religious aspects
|x Christianity
|2 fast
|
| 651 |
|
7 |
|a United States
|2 fast
|1 https://id.oclc.org/worldcat/entity/E39PBJtxgQXMWqmjMjjwXRHgrq
|
| 647 |
|
7 |
|a American Revolution
|c (United States :
|d 1775-1783)
|2 fast
|1 https://id.oclc.org/worldcat/entity/E39Qhp4vB989PWKg6VGKmH6MwK
|
| 648 |
|
7 |
|a 1700-1799
|2 fast
|
| 655 |
|
7 |
|a Electronic books.
|2 local
|
| 655 |
|
7 |
|a Church history
|2 fast
|
| 655 |
|
7 |
|a History
|2 fast
|
| 758 |
|
|
|i has work:
|a Justifying revolution (Text)
|1 https://id.oclc.org/worldcat/entity/E39PCGVPwpd63c7cFWTXTPTdV3
|4 https://id.oclc.org/worldcat/ontology/hasWork
|
| 776 |
0 |
8 |
|i Print version :
|z 9780197565353
|
| 856 |
4 |
0 |
|u http://proxy.library.tamu.edu/login?url=https://academic.oup.com/book/39782
|z Connect to the full text of this electronic book
|t 0
|
| 936 |
|
|
|a BATCHLOAD
|
| 955 |
|
|
|a Oxford Scholarship Online
|
| 994 |
|
|
|a 92
|b TXA
|
| 999 |
f |
f |
|i f59ba776-8855-4537-9ed5-e8ba5ba5b1e7
|s c1691d77-5018-4903-88bd-7afd5e6c3d84
|t 0
|
| 952 |
f |
f |
|a Texas A&M University
|b College Station
|c Electronic Resources
|s www_evans
|d Available Online
|t 0
|e BR520 .S834 2021
|h Library of Congress classification
|
| 998 |
f |
f |
|a BR520 .S834 2021
|t 0
|l Available Online
|